Research progress of magnetic levitating bearings and some advanced technology : (Record no. 83417)
[ view plain ]
| 000 -LEADER | |
|---|---|
| fixed length control field | 02353nam a2200409 i 4500 |
| 001 - CONTROL NUMBER | |
| control field | ebr10827101 |
| 003 - CONTROL NUMBER IDENTIFIER | |
| control field | CaPaEBR |
| 006 - FIXED-LENGTH DATA ELEMENTS--ADDITIONAL MATERIAL CHARACTERISTICS--GENERAL INFORMATION | |
| fixed length control field | m o d |
| 007 - PHYSICAL DESCRIPTION FIXED FIELD--GENERAL INFORMATION | |
| fixed length control field | cr cn||||||||| |
| 008 - FIXED-LENGTH DATA ELEMENTS--GENERAL INFORMATION | |
| fixed length control field | 140120t20142012sz a ob 001 0 eng d |
| 020 ## - INTERNATIONAL STANDARD BOOK NUMBER | |
| Cancelled/invalid ISBN | 9783037853412 |
| International Standard Book Number | 9783038137290 (e-book) |
| 040 ## - CATALOGING SOURCE | |
| Original cataloging agency | CaPaEBR |
| Language of cataloging | eng |
| Description conventions | rda |
| -- | pn |
| Transcribing agency | CaPaEBR |
| 035 ## - SYSTEM CONTROL NUMBER | |
| System control number | (OCoLC)874147133 |
| 050 14 - LIBRARY OF CONGRESS CALL NUMBER | |
| Classification number | TK454.4.M3 |
| Item number | .C456 2012eb |
| 082 04 - DEWEY DECIMAL CLASSIFICATION NUMBER | |
| Classification number | 621.34 |
| Edition number | 23 |
| 111 2# - MAIN ENTRY--MEETING NAME | |
| Meeting name or jurisdiction name as entry element | Chinese Symposium on Magnetic Bearings |
| Number of part/section/meeting | (4th : |
| Date of meeting | 2011 : |
| Location of meeting | Shanghai, China) |
| 245 10 - TITLE STATEMENT | |
| Title | Research progress of magnetic levitating bearings and some advanced technology : |
| Remainder of title | selected, peer reviewed papers from the fourth Chinese Symposium on magnetic bearings (CSMB-4, Mechatronics 2011), August 20-22, 2011, Shanghai, China / |
| Statement of responsibility, etc | edited by Xiping Wang [and five others]. |
| 264 #1 - PRODUCTION, PUBLICATION, DISTRIBUTION, MANUFACTURE, AND COPYRIGHT NOTICE | |
| Place of production, publication, distribution, manufacture | Zurich, Switzerland : |
| Name of producer, publisher, distributor, manufacturer | Trans Tech Publications, |
| Date of production, publication, distribution, manufacture, or copyright notice | 2014. |
| Date of production, publication, distribution, manufacture, or copyright notice | �2012 |
| 300 ## - PHYSICAL DESCRIPTION | |
| Extent | 1 online resource (261 pages) : |
| Other physical details | illustrations (some color). |
| 336 ## - CONTENT TYPE | |
| Content type term | text |
| Source | rdacontent |
| 337 ## - MEDIA TYPE | |
| Media type term | computer |
| Source | rdamedia |
| 338 ## - CARRIER TYPE | |
| Carrier type term | online resource |
| Source | rdacarrier |
| 490 1# - SERIES STATEMENT | |
| Series statement | Applied Mechanics and Materials, |
| International Standard Serial Number | 1662-7490 ; |
| Volume number/sequential designation | Volume 150 |
| 504 ## - BIBLIOGRAPHY, ETC. NOTE | |
| Bibliography, etc | Includes bibliographical references at the end of each chapters and indexes. |
| 588 ## - SOURCE OF DESCRIPTION NOTE | |
| Source of description note | Description based on print version record. |
| 590 ## - LOCAL NOTE (RLIN) | |
| Local note | Electronic reproduction. Palo Alto, Calif. : ebrary, 2014. Available via World Wide Web. Access may be limited to ebrary affiliated libraries. |
| 650 #0 - SUBJECT ADDED ENTRY--TOPICAL TERM | |
| Topical term or geographic name as entry element | Magnetic suspension |
| Form subdivision | Congresses. |
| Topical term or geographic name as entry element | Magnetic bearings |
| Form subdivision | Congresses. |
| 655 #0 - INDEX TERM--GENRE/FORM | |
| Genre/form data or focus term | Electronic books. |
| 700 1# - ADDED ENTRY--PERSONAL NAME | |
| Personal name | Wang, Xiping. |
| 776 08 - ADDITIONAL PHYSICAL FORM ENTRY | |
| Display text | Print version: |
| Main entry heading | Chinese Symposium on Magnetic Bearings (4th : 2011 : Shanghai, China) |
| Title | Research progress of magnetic levitating bearings and some advanced technology : selected, peer reviewed papers from the fourth Chinese Symposium on magnetic bearings (CSMB-4, Mechatronics 2011), August 20-22, 2011, Shanghai, China. |
| Place, publisher, and date of publication | Zurich, Switzerland : Trans Tech Publications, c2012 |
| Physical description | ix, 256 pages |
| Series data for related item | Applied mechanics and materials ; Volume 150. |
| International Standard Serial Number | 1662-7490 |
| International Standard Book Number | 9783037853412 |
| Record control number | 2012470081 |
| 797 2# - LOCAL ADDED ENTRY--CORPORATE NAME (RLIN) | |
| Corporate name or jurisdiction name as entry element | ebrary. |
| 830 #0 - SERIES ADDED ENTRY--UNIFORM TITLE | |
| Uniform title | Applied mechanics and materials ; |
| Volume number/sequential designation | v. 150. |
| 856 40 - ELECTRONIC LOCATION AND ACCESS | |
| Uniform Resource Identifier | <a href="http://site.ebrary.com/lib/rucke/Doc?id=10827101">http://site.ebrary.com/lib/rucke/Doc?id=10827101</a> |
| Public note | An electronic book accessible through the World Wide Web; click to view |
No items available.
